000 00585nam a2200193Ia 4500
001 5251
003 GE_BSU
008 181216s||||||||xx |||||||||||||| ||und||
040 _cGE_BSU
080 _a51(072)
100 _aБородуля, И.Т.
245 _aПоказательные и логарифмические уравнения и неравенства
260 _aМосква
260 _bПровещение
260 _c1967
300 _a112стр.
653 _aПоказательные и логарифмические уравнения
942 _cBK
999 _c38842
_d38842